01187nab a22002297a 4500999001500000003000400015005001700019008004100036040000700077100003000084245013200114260007300246300001500319500003600334505022200370505008100592650002300673650003500696650005800731773015500789942001300944 c6507d6507OSt20260213125618.0190429b xxu||||| |||| 00| 0 spa d cPJ 97115aBolos Ingrao, L. E.10aDe los delitos contra menores como excepción a la "Teoría del Fruto del Árbol Envenenado" /cLucas Ezequiel Bolos Ingrao. cCiudad Autónoma de Buenos Aires :aThomson Reuters La Ley, b2024. ap. 236-245 aCita: TR LALEY AR/DOC/157/2024. aSumario: I. Numerosas lecciones.— II. "Fruit of the Poisonous Tree Doctrine".— III. Los niños como sujeto pasivo del delito y la aplicación de la teoría del fruto del árbol envenenado.— IV. Conclusión. tSi te interesa el texto completo, solicitalo a koha@justierradelfuego.gov.ar 09343aDERECHO PENAL 094885aDERECHOS DE LA VÍCTIMA 092741aDERECHOS DE LAS NIÑAS, NIÑOS Y ADOLESCENTES0 0265893164tRevista de derecho penal y criminología. Nº 7 - Junio 2024dCiudad Autónoma de Buenos Aires : Thomson Reuters La Ley, 2017-x00347914 2udccANA